[Event "Muenster Bezirksliga 0607"]
[Site "Germany"]
[Date "2006.12.16"]
[Round "4.24"]
[White "Wemhoff, Gerrit"]
[Black "Goebel, Ernst Theo"]
[Result "1/2-1/2"]
[WhiteElo "1396"]
[BlackElo "1606"]
[PlyCount "50"]
[EventDate "2006.09.16"]
[EventType "team"]
[EventRounds "9"]
[EventCountry "GER"]
[SourceTitle "EXT 2008"]
[Source "ChessBase"]
[SourceDate "2007.11.25"]
[SourceVersion "1"]
[SourceVersionDate "2007.11.25"]
[SourceQuality "1"]
[WhiteTeam "Telgte II"]
[BlackTeam "Muenster SK VI"]
[WhiteTeamCountry "GER"]
[BlackTeamCountry "GER"]

1. Nf3 Nf6 2. d4 g6 3. c4 Bg7 4. Nc3 0-0 5. e3 e6 6. Bd3 d5 7. 0-0 c6 8. a4 a5 9. e4 Nxe4 10. Nxe4 dxe4 11. Bxe4 Nd7 12. Qe2 Nf6 13. Bc2 Qc7 14. Be3 Nd7 15. Qd2 e5 16. Bh6 Qd6 17. Bxg7 Kxg7 18. Rfe1 exd4 19. Nxd4 Qf6 20. b3 Ne5 21. Nf3 Be6 22. Qe3 Nd7 23. Rad1 Rfe8 24. Rd6 Qb2 25. Qd2 Nc5 1/2-1/2